000 00536nam a2200145Ia 4500
008 231129s1985||||xx |||||||||||||| ||spa||
020 _a958-628-008-X
040 _bspa
082 _a309.1861 T456m
100 _aThomas Florence
245 0 _aEl macho y la hembra reconstruidos: Aportes en relación con los conceptos de masculinidad y feminidad en algunos mass-media colombianos (Fotonovela-Canción-Comerciales - 1984)
260 _c1985
264 _aUniversidad Nacional
942 _2ddc
_cBKS
999 _c11600
_d11600